| 000 | 01165ngm a22003850a 4500 | ||
|---|---|---|---|
| 001 | PT38794 | ||
| 003 | AR-LpoUNG | ||
| 005 | 20210202000534.0 | ||
| 007 | vd cvaizq | ||
| 008 | 191001s2005||||ag |||||||||||||||||spa d | ||
| 040 |
_aAR-LpoUNG _bspa _cAR-LpoUNG _eaacr |
||
| 041 | _aspa | ||
| 044 | _aag | ||
| 082 | 0 | _a302.542 882ron | |
| 100 | 1 |
_aCozarinsky, Edgardo _edir. |
|
| 245 | 1 | 0 | _aRonda nocturna |
| 250 | _a1§ edición | ||
| 260 |
_aBuenos Aires : _bSBP, _c2005. |
||
| 300 | _aDVD (95 min.) : son., col. | ||
| 505 | 0 | _aHecha en 2005. - Elenco: Gonzalo Heredia, Moro Anghileri, Rafael Ferro | |
| 520 | _aUna leyenda india reza que en la víspera del día de Todos los Santos, los muertos tienen permiso para volver y llevarse a sus seres queridos. La noche del 31 de octubre, el joven Víctor comienza su ronda en busca de clientes. | ||
| 650 | 4 | _aCINE | |
| 650 | 4 | _aDRAMA | |
| 650 | 4 | _aJOVENES | |
| 650 | 4 | _aRELACIONES HUMANAS | |
| 650 | 4 | _aSUPERSTICION | |
| 650 | 4 | _aVIOLENCIA | |
| 651 | 4 | _aArgentina | |
| 653 | _aACCION | ||
| 653 | _aCINE ARGENTINO | ||
| 653 | _aDVD | ||
| 653 | _aVIDEOS | ||
| 905 | _a38794 | ||
| 942 | _cDVD | ||
| 999 |
_c55110 _d55110 |
||